000
00426nam a2200133Ia 4500
008
100328s9999 xx 000 0 und d
082
_b
7535
100
_a
फाटक न.र.
245
_a
श्री समर्थ चरित्र
260
_b
चित्रशाळा
630
_a
श्री समर्थ चरित्र
730
_a
श्री समर्थ चरित्र
942
_c
BOOK
999
_c
503353
_d
503350